000 00265nam a22000977a 4500
999 _c517018
_d517018
082 _aTNC B12x43 St45
100 _aStern,Susan, ed.
_924088
245 _aMeet United Germany
_cEdited by Susan Stern
260 _aGermany
_bFrankfurter Allgemeine
_c1991
300 _a280p.